| 000 | 00994nam a22002898a 4500 | ||
|---|---|---|---|
| 001 | 015408693 | ||
| 003 | OSt | ||
| 005 | 20150114105320.0 | ||
| 008 | 091029r20042010xxkk fr2b f001 0 eng d | ||
| 020 | _a9780521131827 (pbk.) | ||
| 020 | _a0521131820 (pbk.) | ||
| 040 |
_aStDuBDS _beng _cStDuBDS _dEG-ScBUE |
||
| 082 | 0 | 0 |
_a621.3822 _222 _bGRA |
| 100 | 1 |
_aGray, Robert M., _d1943- _937152 |
|
| 245 | 1 | 3 |
_aAn introduction to statistical signal processing / _cRobert M. Gray, Lee D. Davisson. |
| 250 |
_a1st ed., _breprinted. |
||
| 260 |
_aCambridge, United Kingdom ; _aNew York, United States : _bCambridge University Press, _c2004. |
||
| 300 |
_axiv, 463 p. : _bforms ; _c25 cm. |
||
| 500 | _aIndex : p. 457-463. | ||
| 500 | _aReprint of the 2004 ed. | ||
| 504 | _aBibliography : p. 453-456. | ||
| 650 | 0 |
_aSignal processing _xStatistical methods _923358 |
|
| 653 |
_bENGELC _cJanuary2015 |
||
| 655 |
_vreading book _934232 |
||
| 700 | 1 |
_aDavisson, Lee D. _937153 |
|
| 942 |
_2ddc _k621.3822 GRA |
||
| 999 |
_c18871 _d18843 |
||